Quizzes
Events
Quiz Creation
Community
Videos
Private Events
Remove Ads
Sign In
Join for FREE
Feedback
Dark Mode
Quiz Categories
Sports
Geography
Music
Movies
Television
Just For Fun
Miscellaneous
History
Literature
Language
Science
Gaming
Entertainment
Religion
Holiday
For Kids
Quiz Lab
Recent
Popular Today
Quiz Kudos Today
Editor Picks
Curator Picks
Quizzes by...
Day
Popularity
Type
Ratings
Length
Year
Community
Subscriptions
Recent Discussions
Orange Saloon
Badges
Playlists
Quests
Create
Leaderboards
Showdown
Live 5
Trivia Bingo
Activity
Puzzle Library
Sporcle Events
Private Events
Virtual Trivia
Globe League
Become a Host
Pub Owners
SporcleCon
Opinionation
Our Games
Videos
Blog
Mobile Apps
Partnerships
Remove Ads and Go Orange
Feedback
Sports
Athletes
MLB
NBA
NHL
NFL
Soccer
Sports Teams
WWE
NCAA
Football
Premier League
Basketball
Baseball
Hockey
Golf
Tennis
Cricket
Rugby
Auto Racing
Olympics
World Cup
Sports
Athletes
MLB
NBA
NHL
NFL
Soccer
Sports Teams
WWE
NCAA
Football
Premier League
Basketball
Baseball
Hockey
Golf
Tennis
Cricket
Rugby
Auto Racing
Olympics
World Cup
Random Quiz
Search Sporcle
×
Quiz Lab
Quiz Lab
Sports
Rival
Type in answers that appear in a list
Type in answers that appear in a list
Classic
Best Score? Go Orange.
Rivais na fase de grupos (Portugal) Stats
Que equipas defrontaram os portugueses em fases de grupos da Champions?
By
rpsilva
15m
74 Questions
116 Plays
116 Plays
116 Plays
Comments
Comments
Give Quiz Kudos
Give Quiz Kudos
-
- Ratings
hide this ad
Replay
Link that replays current quiz
Next Quiz
Link to next quiz in quiz playlist
You Got
0%
They Got
Avg Score
55%
Avg Friend Score
Upgrade to see
Score Distribution
Jump to the score distribution portion of the page
Score
0/74
Timer
15:00
0
Plays Today
País
Clube
% Correct
Alemanha
Bayern Munique
96.6%
Alemanha
RB Leipzig
87.5%
Espanha
Real Madrid
87.1%
Espanha
Barcelona
87.1%
Inglaterra
Manchester United
87.1%
Itália
Inter
86.2%
Holanda
Ajax
84.5%
Inglaterra
Arsenal
84.5%
Inglaterra
Chelsea
84.5%
Itália
Juventus
84.5%
Itália
AC Milan
84.5%
Escócia
Celtic
82.8%
Holanda
PSV Eindhoven
82.8%
Alemanha
Dortmund
81.9%
Escócia
Rangers
81%
Bélgica
Anderlecht
79.3%
Rússia
CSKA Moscovo
79.3%
Espanha
Atlético Madrid
78.4%
Inglaterra
Liverpool
77.6%
Itália
Roma
77.6%
Rússia
Zenit
76.7%
Grécia
Olympiacos
75.9%
Croácia
Dínamo Zagreb
74.1%
França
PSG
74.1%
Alemanha
Leverkusen
73.3%
Cazaquistão
Astana
73.3%
Grécia
Panathinaikos
73.3%
Alemanha
Schalke 04
72.4%
Holanda
Feyenoord
68.1%
Chipre
APOEL
67.2%
Roménia
Steaua Bucareste
67.2%
Rep. Checa
Sparta Praga
65.5%
França
Lyon
63.8%
Noruega
Rosenborg
63.8%
Dinamarca
Copenhaga
62.9%
Inglaterra
Manchester City
62.5%
Ucrânia
Dínamo Kiev
62.1%
País
Clube
% Correct
Alemanha
Werder Bremen
61.2%
Bielorrússia
BATE Borisov
60.3%
Turquia
Besiktas
59.5%
Israel
Hapoel Telavive
58.6%
Israel
Maccabi Telavive
58.6%
Turquia
Galatasaray
57.8%
Roménia
Cluj
56.9%
Rússia
Spartak Moscovo
55.2%
França
Monaco
54.3%
Ucrânia
Shakhtar Donetsk
53.4%
Alemanha
Hamburgo
52.6%
Eslovénia
Maribor
51.7%
Sérvia
Partizan
51.7%
Áustria
Austria Viena
50.9%
Inglaterra
Leicester
50%
Bélgica
Club Brugge
50%
Rússia
Lokomotiv Moscovo
50%
Alemanha
Hertha Berlim
48.3%
Turquia
Fenerbahçe
48.3%
França
Marselha
47.4%
Suíça
Basileia
45.7%
Croácia
Hajduk Split
44.8%
França
Lille
44%
Espanha
Villarreal
41.4%
França
Nantes
38.8%
Itália
Nápoles
37.5%
Espanha
Athletic Bilbao
36.2%
Finlândia
HJK Helsínquia
34.5%
Noruega
Molde
30.2%
Eslováquia
Artmedia Petrzalka
29.3%
Alemanha
Kaiserslautern
27.6%
Dinamarca
Aalborg
26%
Polónia
Legia Varsóvia
25%
Grécia
AEK Atenas
25%
Suécia
IFK Gotemburgo
23.3%
Roménia
Otelul Galati
21.6%
Bélgica
Lierse
15.5%
Quiz Playlist
Details
Report
Send in Message
Add To Playlist
Classic:
Type in answers that appear in a list
Last Updated: Jul 12, 2022
Quiz Scoreboard
CHALLENGE
Sign Up to Join the Scoreboard
Show All
Scores
Hide
Comments
May contain spoilers
Recently Published
Movies - When Are They Set?
by FPL_Elf
Movies
5m
Popular People in 1961
by mucciniale
History
6m
1-10 Letter E Words III
by El_Dandy
Language
2m
More to Explore
Quiz From the Vault
Featured Blog Post
Where Did the Easter Bunny Come From?
hide this ad
You Might Also Like...
Tags
champion
clube
face
group
Portugal
portuguese
Que
Rival
Today's Top Quizzes in Sports
Browse Sports
hide this ad
Today's Top Quizzes in Rival
Browse Rival
Top Contributed Quizzes in Sports
1
Les meilleurs buteurs des matchs entre le PSG et l’OM
2
Les entraîneurs de l'OM et du PSG au 21e siècle
3
FIFA Club World Cup Champions
4
2022 World Cup Stars
5
Name the Premier League winners with different clubs
6
La finale Lions - Afrique du Sud 2021
7
Criteria MLB: Left Handed Sluggers
8
Players with Multiple 50 Home Run Seasons
9
MLB Players with Two .350 Batting Average Seasons
10
MLB Hall of Famer by Rings
Explore More
Trending Topics
Disney
Kpop
NBA
Harry Potter
Anime
Crossword
Marvel
Song
The Office
Pokémon
Country
NFL
Puzzle
Soccer
WWE
hide this ad
More By:
rpsilva
Quiz
Plays
Rating
Category
Featured
Created
Sporting-Benfica (2000-2016)
1,677
1.00
Sports
Mar 1, 2016
Quartos de final da Champions
766
Sports
Mar 1, 2016
Golos do Benfica na Champions
715
3.00
Sports
Mar 9, 2016
Campeões Ligue 1
534
Sports
Mar 13, 2016
Que equipas já disputaram a Liga Portuguesa?
498
Sports
Feb 23, 2016
Go to Creator's Profile
Score Distribution
Quiz Creator Spotlight
rpsilva
Follow
Send a Message
Quizzes Created
-
Created Quiz Play Count
-
More By This Creator
Popular Quizzes Today
1
Find the US States - No Outlines Minefield
2
Find the Countries of Europe - No Outlines Minefield
3
The Countries of the World
4
Popular People in 1961
5
1-10 Letter E Words III
6
US States
7
Find the US States
8
One Thing in Common: World Cities II
More Sports Quizzes
Финалы Месси
Quiz Lab
Trending Quizzes
Risky Map Clicking: Least Populous States A-Z
1-10 Letter F Words
1-10 Letter G Words
One Thing in Common: United Kingdom
Risky Map Clicking: Next State Alphabetically
Recently Updated
Leaping Animals
pecheneg
Reality TV Shows (A-Z)
bhenderson79
Rickey Henderson's Hall of Fame Teammates
pecheneg
Champions League XIs: Arsenal
pecheneg
Quick Pick: Celebrities in WWE's Hall of Fame
aduchscher
A-Z Keypad Blitz II
pecheneg
Multiple Oscar Actors
pecheneg
Mystery Phrase Blitz: Oscar 'Best Actors'
pecheneg
F. Scott Fitzgerald Novels
LTH
Pick 3 Villains
ddd62291
Trending Topics
Harry Potter
NBA
Anime
Kpop
Crossword
Disney
Marvel
The Office
NFL
Soccer
Puzzle
Pokémon
Country
WWE
Song
Your Account Isn't Verified!
In order to create a playlist on Sporcle, you need to verify the email address you used during registration. Go to your
Sporcle Settings
to finish the process.
Report this User
Report this user for behavior that violates our
Community Guidelines
.
Details:
Send Report
Go to the Sporcle.com Mobile Site →
Comments